Open Data Biblioteca Nacional de Portugal


República Portuguesa: Ministério da Cultura
Biblioteca Nacional de Portugal

Catálogo da BNP: acesso por Identificadores Unívocos
Registos Bibliográficos associados ao registo de autoridade

Etiqueta de registo: 00000nkm 2200025 450
001 2276393
003 http://id.bnportugal.gov.pt/bib/catbnp/2276393
100 ## $a20260305d1994 m y0pory01030103ba
101 0# $apor
102 ## $aPT
200 1# $aFEPA Brinde, 4ª Exposição de Artigos de Papelaria, Brinquedos, Puericultura e Brindes, EXPONOR - Feira Internacional do Porto, 8 a 11 de setembro 1994$bVisual gráfico]$fAssociação Industrial Portuense
210 #9 $a[Porto]$cAssociação Industrial Portuense,$d1994
215 ## $a1 cartaz$ccolor.$d67,8x47,9 cm
317 ## $aColeção Madeira Luís
710 01 $aExposição de Artigos de Papelaria, Brinquedos, Puericultura e Brindes,$d4,$ePorto,$f1994$31993514
712 02 $aAssociação Industrial Portuense$3151
712 01 $aEXPONOR.$bDivisão de Feiras e Exposições$31989153
801 #0 $aPT$bBN$gRPC
966 ## $lBN$mICONOG$sCT. 23510 A.$x3
971 ## $cCaticonografia7$d20260305
995 ## $aPRR2026

OpendataBNP@bnportugal.pt | Mais informação sobre acesso aos dados BNP